Guess 100 Italian footballers by image - Statistics

General Stats
  • This quiz has been taken 485 times
    475 since last reset
  • The average score is 63 of 100
Answer Stats
Picture Answer % Correct
Gianluigi Buffon
95%
Andrea Pirlo
94%
Ciro Immobile
94%
Giorgio Chiellini
94%
Mario Balotelli
94%
Paolo Maldini
94%
Roberto Baggio
94%
Alessandro Nesta
93%
Gianluigi Donnarumma
93%
Gennaro Gattuso
92%
Leonardo Bonucci
92%
Marco Verratti
92%
Alessandro Del Piero
91%
Francesco Totti
91%
Daniele De Rossi
90%
Jorginho
89%
Federico Chiesa
87%
Moise Kean
87%
Nicolò Barella
87%
Lorenzo Insigne
86%
Sandro Tonali
85%
Franco Baresi
84%
Antonio Di Natale
83%
Stephan El Shaarawy
83%
Filippo Inzaghi
82%
Gianfranco Zola
82%
Andrea Belotti
81%
Thiago Motta
81%
Claudio Marchisio
80%
Fabio Cannavaro
79%
Manuel Locatelli
79%
Alessandro Bastoni
78%
Carlo Ancelotti
78%
Dino Zoff
78%
Marco Materazzi
78%
Andrea Barzagli
77%
Domenico Berardi
77%
Luca Toni
77%
Christian Vieri
76%
Alessandro Florenzi
75%
Antonio Conte
75%
Salvatore Sirigu
75%
Gianluca Zambrotta
74%
Giovanni Di Lorenzo
74%
Matteo Darmian
74%
Fabio Quagliarella
72%
Francesco Acerbi
72%
Lorenzo Pellegrini
72%
Leonardo Spinazzola
71%
Angelo Ogbonna
70%
Fabio Grosso
70%
Nicolò Zaniolo
70%
Davide Calabria
69%
Giuseppe Meazza
67%
Federico Bernardeschi
65%
Gianluca Scamacca
65%
Riccardo Montolivo
65%
Antonio Cassano
61%
Emerson Palmieri
61%
Massimo Ambrosini
58%
Roberto Mancini
58%
Antonio Candreva
56%
Francesco Toldo
55%
Mauro Camoranesi
55%
Gianluca Vialli
53%
Gianni Rivera
53%
Giuseppe Bergomi
53%
Alessandro Costacurta
52%
Paolo Rossi
52%
Alberto Aquilani
51%
Alberto Gilardino
51%
Giacinto Facchetti
50%
Roberto Di Matteo
45%
Gianluca Pagliuca
43%
Walter Zenga
43%
Christian Panucci
42%
Sandro Mazzola
42%
Angelo Peruzzi
41%
Bruno Conti
40%
Roberto Donadoni
40%
Salvatore Schillaci
40%
Ciro Ferrara
39%
Demetrio Albertini
37%
Gigi Riva
37%
Gaetano Scirea
36%
Enrico Chiesa
31%
Mauro Tassotti
30%
Antonio Cabrini
27%
Claudio Gentile
27%
Omar Sivori
27%
Alessandro Altobelli
26%
Marco Tardelli
26%
Giampiero Boniperti
25%
Pietro Vierchowod
24%
Silvio Piola
23%
Giancarlo Antognoni
22%
Roberto Bettega
21%
Valentino Mazzola
21%
Roberto Boninsegna
18%
Tarcisio Burgnich
15%
No matching quizzes found
Score Distribution
Percent of People with Each Score
Percentile by Number Answered
Your Score History
You have not taken this quiz since the last reset